Sudden Death - Minecraft Mobs - Statistics

General Stats
  • This quiz has been taken 145 times
  • The average score is 6 of 14
Answers on the Grid
Answers color-coded by a green-red scale on the quiz's grid according to % correct below.
Zombie
Tropical Fish
Skeleton
Snake
Silverfish
Duck
Dragon Egg
Villager
Fireflies
End Mite
Shulker Box
Creeking
Vindicator
Creeper
End Crystal
Iceolager
Sheep
Charged Creeper
Iron Golem
Indicator
Chicken
Ghast
Snow Man
Blaze
Bogged
Charcoal Skeleton
Salmon
Nemo
 
Answer Stats
Answer % Correct
Zombie
95%
Silverfish
86%
Skeleton
68%
Tropical Fish
67%
Villager
58%
Sheep
37%
Chicken
34%
Creeper
32%
Vindicator
27%
Ghast
25%
Blaze
19%
Iron Golem
18%
Bogged
16%
Salmon
16%
No matching quizzes found
Score Distribution
Percent of People with Each Score
Percentile by Number Answered
Your Score History
You have not taken this quiz